Jennifer Lawrence Filmography - Statistics

General Stats
  • This quiz has been taken 618 times
    69 since last reset
  • The average score is 19 of 59
Answer Stats
Type Year Name % Correct
Film 2012 The Hunger Games
98%
Film 2013 The Hunger Games: Catching Fire
87%
Film 2014 The Hunger Games: Mockingjay - Part 1
87%
Film 2015 The Hunger Games: Mockingjay - Part 2
87%
Film 2012 Silver Linings Playbook
85%
Commercial 2018 Dior: JOY
74%
Film 2021 Don't Look Up
72%
Film 2015 Joy
72%
Film 2017 Mother!
69%
Film 2013 American Hustle
67%
Film 2016 Passengers
67%
Film 2018 Red Sparrow
65%
Film 2010 Winter's Bone
63%
Film 2023 No Hard Feelings
61%
Film 2016 X-Men: Apocalypse
59%
Film 2014 X-Men: Days of Future Past
59%
TV Show 2013, 2014 Saturday Night Live
57%
Film 2011 X-Men: First Class
56%
Film 2019 Dark Phoenix
52%
Film 2025 Die My Love
46%
Film 2014 Serena
44%
Film 2022 Causeway
35%
Film 2011 The Beaver
35%
Film 2012 House at the End of the Street
28%
Film 2008 The Poker House
26%
Film 2011 Like Crazy
24%
TV Show 2006 Monk
24%
Documentary 2016 A Beautiful Planet
22%
TV Show 2007-2009 The Bill Engvall Show
22%
TV Show 2007 Cold Case
19%
Film 2008 Garden Party
19%
Film 2008 The Burning Plain
19%
Film 2013 The Devil You Know
19%
Music Video 2010 The Mess I Made
19%
TV Show 2007, 2008 Medium
17%
TV Short 2007 Not Another High School Show
13%
Film TBA What Happens at Night
13%
Short Documentary 2017 100 Years
11%
TV Show 2023 Germany's Next Topmodel
11%
Documentary 2014 Dior and I
9%
TV Show 2020 Amy Schumer Learns to Cook
7%
TV Short 2006 Company Town
7%
Documentary Mini-Series 2020 Expecting Amy
6%
TV Show 2018, 2019 Keeping Up with the Kardashians
6%
Film TBA The Wives
6%
Documentary Series 2018 60 Minutes
4%
TV Show 2016 Ant & Dec's Saturday Night Takeaway
4%
TV Show 2015 Circus Halligalli
4%
Documentary 2023 Hollywood's Hard Hitters: Women in Action
4%
Documentary 2019 Love, Antosha
4%
TV Special 2025 Premio Donostia a Jennifer Lawrence
4%
Web Series 2015 Smosh
4%
Web Special 2020 Telethon for America 2020
4%
Documentary 2016 The First Monday in May
4%
TV Show 2014 The X Factor UK
4%
TV Show 2014 Wanna Bet?
4%
TV Show 2009 Diners, Drive-ins and Dives
2%
Commercial 2015 Dodge
2%
TV Show 2012, 2015, 2016, 2023 El hormiguero
2%
No matching quizzes found
Score Distribution
Percent of People with Each Score
Percentile by Number Answered
Your Score History
You have not taken this quiz since the last reset